000 00944nam a2200217Ia 4500
003 OSt
005 20251023145309.0
008 220922b |||||||| |||| 00| 0 hin d
037 _cTextual
040 _aARTS
_cARTS
_bhin
041 _2hin
_ahin
084 _aV2:51wM69 N4
_bAL
100 _aप्रभात कुमार
_9849342
245 0 _aस्वतंत्रता संग्राम और गॉंधी का सत्याग्रह
246 _aSvatantratā sangrām aur gaॉandhī kā satyāgraha
260 _aदिल्ली विश्वविद्यालय, भारत:
_bहिन्दी माध्यम कार्यान्वय निदेशालय,
_c1994.
300 _a105पृ.
_ccm.
650 _aविश्व-इतिहास
_9849343
942 _hV2:51wM69, N4
_cTEXL
_2CC
_n0
999 _c386119
_d386119